Quiz One Piece saga Dressrosa - Statistiques

Statistiques générales
  • Ce quiz a été pris 174 fois
  • Le résultat moyen est 12 sur 15
Statistiques - réponses
Hint Réponse % Correct
Contre quel empereur Trafalgar Law t-il propose de faire une alliance avec Luffy ? Kaido
99%
A qui appartenait le fruit que Luffy souhaite récupéré au Colisée ? Ace
98%
Quel élément contrôle César Clown grâce à son fruit Logia ? le gaz
97%
Qui a tué Corazon ? Doflamingo
96%
En quoi Sugar transforme t-elle la population de Dressarosa ? en jouet
94%
Quel est le nom du samouraï rencontré à Punk Hazard ? Kinemon
94%
Quel ancien amiral de la marine débarque à la fin de l'arc Punk Hazard ? Aokiji
91%
Quel membre de l'équipage de Barbe noire remporte la victoire au bloc 1 dans le colisée ? Jesus Burgess
81%
Quel est le fruit de l'amiral Fujitora rencontré à Dressrosa ? le fruit de la gravité
81%
Quelle est l'identité secrète de Doflamingo ? Joker
79%
Qui est le père de Rebecca ? Kyros
75%
Quel lieutenant de la Don Quixote Family a le pouvoir de nager dans le sol ? Senor Pink
74%
Quelle est la prime de Zoro après Dressrosa 320 000 000
45%
Comment s'appelle la princesse de la tribu des Tontatta ? Mansherry
42%
Avec quelle attaque Luffy parvient t-il à battre Doflamingo ? King Kong Gun
35%
Aucun quiz correspondant
Distribution des résultats
% des personnes avec chaque résultat
Percentile par nombre de réponses
Votre historique - résultats
Vous n’avez pas pris ce quiz